| 000 | 00426nam a22001217a 4500 | ||
|---|---|---|---|
| 005 | 20260629104636.0 | ||
| 100 |
_aEngr. Asadullah Qazi _a21-MCE-05 _aSupervisor - Dr. Muneeb Ayoub Memon _91008 |
||
| 245 | _aRecycled Crumb Rubber as Coarse Aggregate Replacement in Self Compacting Concrete ( Thesis ME) | ||
| 260 |
_aNawabshah _bQUEST _c2025 |
||
| 300 | _a78p. | ||
| 700 |
_aDepartment of Civil Engineering _91009 |
||
| 942 | _cTHESIS | ||
| 999 |
_c69068 _d69065 |
||